Introduction to bioinformatics. (Record no. 163981)

MARC details
000 -LEADER
fixed length control field 00509nam a2200193Ia 4500
003 - CONTROL NUMBER IDENTIFIER
control field OSt
005 - DATE AND TIME OF LATEST TRANSACTION
control field 20230509111409.0
008 - FIXED-LENGTH DATA ELEMENTS--GENERAL INFORMATION
fixed length control field 210423s2006 xx 000 0 und d
040 ## - CATALOGING SOURCE
Transcribing agency AL
041 ## - LANGUAGE CODE
Language code of text/sound track or separate title eng
082 ## - DEWEY DECIMAL CLASSIFICATION NUMBER
Classification number 574.80285
Edition number 23
Item number ATTT
100 ## - MAIN ENTRY--PERSONAL NAME
Personal name ATTAWOOD (Teresa K);PARRY SMITH (David J).
9 (RLIN) 100548
245 ## - TITLE STATEMENT
Title Introduction to bioinformatics.
260 ## - PUBLICATION, DISTRIBUTION, ETC.
Place of publication, distribution, etc. New Delhi
Name of publisher, distributor, etc. Pearson Education Pvt Ltd
Date of publication, distribution, etc. 2006
300 ## - PHYSICAL DESCRIPTION
Extent xx,218
365 ## - TRADE PRICE
Price amount 160
Currency code INR
906 ## - LOCAL DATA ELEMENT F, LDF (RLIN)
a bioinformatics.
942 ## - ADDED ENTRY ELEMENTS (KOHA)
Source of classification or shelving scheme Dewey Decimal Classification
Koha item type Book
Holdings
Withdrawn status Lost status Damaged status Not for loan Collection code Home library Current library Date acquired Source of acquisition Cost, normal purchase price Total Checkouts Full call number Barcode Date last seen Date last checked out Price effective from Koha item type
        Bio Technology St Aloysius PG Library St Aloysius PG Library 04/21/2009 Higginbothams Pvt Ltd 160.00 1 574.80285 ATTT PG010479 09/01/2025 08/23/2025 04/26/2021 Book